Turecka imigracja według państw - Statystyki

Ogólne statystyki
  • Ten quiz został rozwiązany 149 razy
  • Średni wynik to 17 z 24
Statystyki odpowiedzi
Ludzie Państwo % Poprawnych
333 656 Niemcy
94%
138 994 Iran
92%
229 276 Irak
90%
30 957 Grecja
88%
126 868 Rosja
88%
40 657 Francja
85%
344 599 Bułgaria
84%
29 751 Stany Zjednoczone
83%
293 176 Syria
83%
35 140 Egipt
79%
24 878 Chiny
77%
113 905 Azerbejdżan
76%
36 360 Wielka Brytania
75%
55 327 Ukraina
71%
67 900 Kazachstan
65%
118 211 Turkmenistan
64%
101 645 Uzbekistan
64%
167 428 Afganistan
62%
55 312 Arabia Saudyjska
59%
38 401 Kirgistan
58%
28 491 Austria
48%
40 428 Holandia
48%
35 293 Belgia
45%
35 233 Macedonia Północna
39%
Nie znaleziono quizów pasujących do podanych kryteriów
Rozkład punktacji
Procent ludzi z każdym wynikiem
Percentyl według liczby udzielonych odpowiedzi
Twoja historia wyników
Nie rozwiązałeś tego quizu